Statistics for San Francisco Bay Area counties

Click here to take the quiz!

General Stats

  • This quiz has been taken 336 times
  • The average score is 7 of 9

Answer Stats

Population County % Correct
837,442San Francisco
96%
258,365Marin
85%
1,578,891Alameda
82%
1,094,205Contra Costa
79%
747,373San Mateo
79%
1,862,041Santa Clara
73%
140,326Napa
67%
495,025Sonoma
65%
424,788Solano
50%

Score Distribution

Percentile by Number Answered

Percent of People with Each Score

Your Score History

You have not taken this quiz